[Event "Harrogate 4NCL op-B 12th"]
[Site "Harrogate"]
[Date "2017.01.08"]
[Round "4"]
[White "Press, Harry"]
[Black "Cowan, Richard M"]
[Result "1-0"]
[WhiteElo "1826"]
[BlackElo "1890"]
[PlyCount "57"]
[EventDate "2017.01.06"]
[EventType "swiss"]
[EventRounds "5"]
[EventCountry "ENG"]
[SourceTitle "CBM 176 Extra"]
[Source "ChessBase"]
[SourceDate "2017.03.02"]
[SourceVersion "1"]
[SourceVersionDate "2017.03.02"]
[SourceQuality "1"]

1. d4 Nf6 2. c4 g6 3. Nc3 d5 4. cxd5 Nxd5 5. Bd2 Bg7 6. e4 Nb6 7. Be3 0-0 8. a4 a5 9. d5 c6 10. Qb3 N8d7 11. Nf3 cxd5 12. exd5 Bxc3+ 13. bxc3 Qc7 14. Rb1 Nxd5 15. Qxd5 Qxc3+ 16. Bd2 Qc2 17. Bd3 Qxa4 18. 0-0 Nf6 19. Qc5 Qd7 20. Bb5 Qe6 21. Rfe1 b6 22. Rxe6 bxc5 23. Rxe7 Bf5 24. Ra1 Nd5 25. Re5 Be6 26. h3 a4 27. Bc6 Rad8 28. Bh6 Rd6 29. Bxd5 1-0

[Event "BCF-chT3N 1617 (4NCL)"]
[Site "England"]
[Date "2016.11.27"]
[Round "2.94"]
[White "Ormsby, Alan"]
[Black "Cowan, Richard M"]
[Result "0-1"]
[WhiteElo "1790"]
[BlackElo "1892"]
[PlyCount "68"]
[EventDate "2016.11.26"]
[EventType "team-swiss"]
[EventRounds "11"]
[EventCountry "ENG"]
[SourceTitle "EXT 2019"]
[Source "ChessBase"]
[SourceDate "2018.10.10"]
[SourceVersion "1"]
[SourceVersionDate "2018.10.10"]
[SourceQuality "1"]
[WhiteTeam "Manx Liberty"]
[BlackTeam "Jorvik"]
[WhiteTeamCountry "IOM"]
[BlackTeamCountry "ENG"]

1. d4 Nf6 2. Bg5 d5 3. e3 Ne4 4. Bf4 c6 5. f3 Qa5+ 6. c3 Nf6 7. Bd3 e6 8. Nd2 Nbd7 9. g4 b5 10. b4 Qd8 11. a4 bxa4 12. Qxa4 Bb7 13. Ne2 Nb6 14. Qa5 Bd6 15. Bxd6 Qxd6 16. Nb3 0-0 17. Nc5 Bc8 18. Qa2 e5 19. g5 Nh5 20. Ng3 Nxg3 21. hxg3 e4 22. Qh2 Bf5 23. fxe4 dxe4 24. Nxe4 Qg6 25. Qc2 Rfe8 26. Nf6+ gxf6 27. Bxf5 Qxg5 28. Bxh7+ Kg7 29. 0-0-0 Rxe3 30. Kb1 Nc4 31. Qf5 Rxc3 32. Qd7 Rb8 33. Rd3 Rxb4+ 34. Ka2 Qa5# 0-1

[Event "BCF-chT3Nd 1516 (4NCL)"]
[Site "England"]
[Date "2016.05.02"]
[Round "11.127"]
[White "Cowan, Richard M"]
[Black "Blackburn, Jon E"]
[Result "1-0"]
[WhiteElo "1865"]
[BlackElo "1851"]
[PlyCount "113"]
[EventDate "2016.03.20"]
[EventType "team-swiss"]
[EventRounds "11"]
[EventCountry "ENG"]
[SourceTitle "EXT 2017"]
[Source "ChessBase"]
[SourceDate "2016.10.25"]
[SourceVersion "1"]
[SourceVersionDate "2016.10.25"]
[SourceQuality "1"]
[WhiteTeam "Jorvik"]
[BlackTeam "Cheddleton III"]
[WhiteTeamCountry "ENG"]
[BlackTeamCountry "ENG"]

1. d4 d5 2. Nf3 Nf6 3. e3 e6 4. Nbd2 Be7 5. Bd3 b6 6. 0-0 0-0 7. Ne5 Bb7 8. f4 Nbd7 9. Qf3 c5 10. c3 Qc7 11. g4 Ne8 12. Qh3 g6 13. Ndf3 Nd6 14. Nxd7 Qxd7 15. Ne5 Qe8 16. f5 exf5 17. gxf5 Bc8 18. Qg2 Ne4 19. Bxe4 dxe4 20. f6 Bd6 21. Qg5 Bxe5 22. dxe5 Kh8 23. Rf4 Qd7 24. b3 Qd1+ 25. Rf1 Qg4+ 26. Qxg4 Bxg4 27. c4 Rad8 28. Bb2 Rd2 29. Rf2 Rfd8 30. Rb1 Kg8 31. b4 cxb4 32. Bd4 Rxf2 33. Kxf2 Rc8 34. Rxb4 Be6 35. Ra4 Rc7 36. Kg3 h6 37. Kf4 Bxc4 38. Kxe4 Be6 39. a3 Kf8 40. h4 Ke8 41. Rb4 Kd7 42. Kd3 Rc6 43. Bc3 Kc7 44. Rd4 a5 45. Bd2 Rc5 46. e4 h5 47. Bh6 Kc6 48. Rd6+ Kb7 49. Rxe6 fxe6 50. f7 Rc8 51. f8Q Rxf8 52. Bxf8 Kc6 53. Ke3 Kd7 54. Kf4 Ke8 55. Bd6 a4 56. Kg5 Kf7 57. Kh6 1-0

[Event "BCF-chT3Nd 1516 (4NCL)"]
[Site "England"]
[Date "2016.04.30"]
[Round "9.127"]
[White "Cowan, Richard M"]
[Black "Fabri, Henrik"]
[Result "1-0"]
[WhiteElo "1865"]
[BlackElo "1994"]
[PlyCount "91"]
[EventDate "2016.03.20"]
[EventType "team-swiss"]
[EventRounds "11"]
[EventCountry "ENG"]
[SourceTitle "EXT 2017"]
[Source "ChessBase"]
[SourceDate "2016.10.25"]
[SourceVersion "1"]
[SourceVersionDate "2016.10.25"]
[SourceQuality "1"]
[WhiteTeam "Jorvik"]
[BlackTeam "Manx Ravens"]
[WhiteTeamCountry "ENG"]
[BlackTeamCountry "ENG"]

1. Nf3 Nf6 2. c4 e6 3. b3 d5 4. Bb2 Be7 5. e3 c5 6. Nc3 Nc6 7. Ne2 0-0 8. g3 Re8 9. Bg2 Bd6 10. 0-0 e5 11. cxd5 Nb4 12. d4 exd4 13. exd4 Nbxd5 14. Rc1 cxd4 15. Nexd4 Bd7 16. Re1 Rc8 17. Rxe8+ Qxe8 18. Rxc8 Qxc8 19. Ng5 Bg4 20. Qb1 h6 21. Bxd5 hxg5 22. Bc4 a6 23. Qg6 Qd7 24. Qxg5 b5 25. Bd3 Bf8 26. Bf5 Bxf5 27. Nxf5 Qd1+ 28. Kg2 Qd5+ 29. Kh3 Qd7 30. Bxf6 g6 31. g4 Qd1 32. Ng3 Bg7 33. Bxg7 Kxg7 34. Qe5+ Kg8 35. Qf6 Qd2 36. Qxa6 Qxf2 37. a4 bxa4 38. bxa4 Qe3 39. Qa8+ Kg7 40. Qd8 Qh6+ 41. Kg2 Qf4 42. Qd7 Qb4 43. g5 Qf4 44. Qb5 f5 45. gxf6+ Kxf6 46. Qf1 1-0

[Event "BCF-chT3Na 1516 (4NCL)"]
[Site "England"]
[Date "2016.01.16"]
[Round "3.57"]
[White "Cowan, Richard M"]
[Black "Richardson, Alex"]
[Result "1/2-1/2"]
[WhiteElo "1889"]
[BlackElo "2133"]
[PlyCount "103"]
[EventDate "2015.11.14"]
[EventType "team-swiss"]
[EventRounds "7"]
[EventCountry "ENG"]
[SourceTitle "CBM 170 Extra"]
[Source "ChessBase"]
[SourceDate "2016.02.25"]
[SourceVersion "1"]
[SourceVersionDate "2016.02.25"]
[SourceQuality "1"]
[WhiteTeam "Jorvik"]
[BlackTeam "Cheddleton II"]
[WhiteTeamCountry "ENG"]
[BlackTeamCountry "ENG"]

1. e4 c6 2. d4 d5 3. e5 Bf5 4. Nf3 e6 5. Nbd2 Nd7 6. Nb3 h6 7. Bd3 Ne7 8. 0-0 g5 9. a3 Bg7 10. Re1 Qc7 11. c3 Qb6 12. Bf1 Bg4 13. Nbd2 c5 14. dxc5 Nxc5 15. b4 Nd7 16. Qa4 Nc6 17. Bb2 0-0 18. c4 Bxf3 19. Nxf3 dxc4 20. Bxc4 Rac8 21. Bb5 a6 22. Bxc6 Qxc6 23. Qxc6 Rxc6 24. h3 Rc2 25. Bd4 Rc4 26. Rad1 Rfc8 27. Kf1 Bf8 28. Re3 Nb8 29. Ke2 Rd8 30. Red3 Nc6 31. Bb6 Re4+ 32. Re3 Rxd1 33. Rxe4 Rd5 34. h4 gxh4 35. Ke3 Bg7 36. Bc7 Ne7 37. Nxh4 Rd1 38. Kf3 Nd5 39. Rc4 Rd3+ 40. Ke4 Rxa3 41. Bd6 Ra4 42. g3 b5 43. Rd4 Bf8 44. Rxd5 exd5+ 45. Kxd5 Ra2 46. f4 Ra3 47. Nf5 h5 48. Kc6 Ra1 49. Kb6 Ra4 50. Kc5 Ra1 51. Kb6 Ra4 52. Kc5 1/2-1/2

[Event "BCF-chT3Na 1516 (4NCL)"]
[Site "England"]
[Date "2015.11.15"]
[Round "2.86"]
[White "Connor, Stephen J"]
[Black "Cowan, Richard M"]
[Result "1-0"]
[WhiteElo "2012"]
[BlackElo "1896"]
[PlyCount "63"]
[EventDate "2015.11.14"]
[EventType "team-swiss"]
[EventRounds "7"]
[EventCountry "ENG"]
[SourceTitle "CBM 169 Extra"]
[Source "ChessBase"]
[SourceDate "2015.12.18"]
[SourceVersion "1"]
[SourceVersionDate "2015.12.18"]
[SourceQuality "1"]
[WhiteTeam "Spirit of Atticus III"]
[BlackTeam "Jorvik"]
[WhiteTeamCountry "ENG"]
[BlackTeamCountry "ENG"]

1. e4 c6 2. d4 d5 3. exd5 cxd5 4. Bd3 Nc6 5. c3 Qc7 6. Ne2 Bg4 7. Qb3 Bxe2 8. Kxe2 e6 9. Nd2 Bd6 10. Nf3 Nge7 11. Bg5 f6 12. Bh4 0-0-0 13. Bg3 e5 14. dxe5 fxe5 15. Ng5 e4 16. Bb5 Qd7 17. Nf7 Qg4+ 18. Kf1 Bxg3 19. Bxc6 Nxc6 20. Nxd8 Rxd8 21. hxg3 e3 22. Qd1 Qe6 23. Qf3 exf2 24. Qxf2 Qd6 25. Kg1 Rf8 26. Qe3 Qg6 27. Re1 Kc7 28. Rh4 Rf5 29. Rf4 Rg5 30. Rf7+ Kc8 31. Qe8+ Nd8 32. Qd7+ 1-0

[Event "BCF-chT3Na 1516 (4NCL)"]
[Site "England"]
[Date "2015.11.14"]
[Round "1.76"]
[White "Cowan, Richard M"]
[Black "Crowther, Mark D"]
[Result "0-1"]
[WhiteElo "1896"]
[BlackElo "2140"]
[PlyCount "110"]
[EventDate "2015.11.14"]
[EventType "team-swiss"]
[EventRounds "7"]
[EventCountry "ENG"]
[SourceTitle "CBM 169 Extra"]
[Source "ChessBase"]
[SourceDate "2015.12.18"]
[SourceVersion "1"]
[SourceVersionDate "2015.12.18"]
[SourceQuality "1"]
[WhiteTeam "Jorvik"]
[BlackTeam "Bradford DCA Knights"]
[WhiteTeamCountry "ENG"]
[BlackTeamCountry "ENG"]

1. e4 e6 2. d4 d5 3. e5 c5 4. c3 Nc6 5. Nf3 Qb6 6. a3 Nh6 7. b4 cxd4 8. cxd4 Nf5 9. Bb2 Be7 10. Qd3 Bd7 11. Be2 f6 12. Nbd2 fxe5 13. dxe5 0-0 14. 0-0 a6 15. Nb3 Rae8 16. Rac1 Nh4 17. Nxh4 Bxh4 18. g3 Be7 19. Kg2 Qd8 20. Bg4 Qb8 21. f4 Kh8 22. Rce1 Rd8 23. h4 Rfe8 24. h5 Bf8 25. Bd1 Ne7 26. Bc2 g6 27. hxg6 hxg6 28. Rh1+ Kg8 29. Nd4 Bg7 30. Qf3 Nf5 31. Bxf5 gxf5 32. Qh5 Bc8 33. Qg6 Qc7 34. Rc1 Qf7 35. Qh7+ Kf8 36. Nf3 Qg8 37. Qh5 Qf7 38. Qh4 d4 39. Nxd4 b6 40. Rhd1 Bb7+ 41. Kg1 Rc8 42. a4 Rxc1 43. Rxc1 Qd7 44. b5 axb5 45. axb5 Qd5 46. Nc6 Qd3 47. Qh2 Kg8 48. Nd4 Qe4 49. Nc6 Qd3 50. Nd4 Bf8 51. Qh4 Re7 52. Rc2 Rh7 53. Qg5+ Rg7 54. Qf6 Rxg3+ 55. Kf2 Qe3+ 0-1